La sonda ; (Record no. 159529)
[ view plain ]
| 000 -LEADER | |
|---|---|
| campo de control de longitud fija | 01198nam a2200289 i 4500 |
| 001 - NÚMERO DE CONTROL | |
| campo de control | 159529 |
| 003 - IDENTIFICADOR DE NÚMERO DE CONTROL | |
| campo de control | ES-MaACL |
| 005 - FECHA Y HORA DE LA ÚLTIMA TRANSACCIÓN | |
| campo de control | 20240515063123.0 |
| 008 - DATOS DE LONGITUD FIJA--INFORMACIÓN GENERAL | |
| campo de control de longitud fija | 960710s1882 sp a |||| | spa d |
| 080 ## - NÚMERO DE LA CLASIFICACIÓN DECIMAL UNIVERSAL | |
| Número de la Clasificación Decimal Universal | 821.134.2-91"18" |
| 080 ## - NÚMERO DE LA CLASIFICACIÓN DECIMAL UNIVERSAL | |
| Número de la Clasificación Decimal Universal | 74 Mestres, Apeles |
| 100 1# - ENTRADA PRINCIPAL--NOMBRE DE PERSONA | |
| Nombre de persona | Mestres, Apeles, |
| Fechas asociadas al nombre | 1854-1936 |
| 9 (RLIN) | 140420 |
| 245 13 - MENCIÓN DEL TÍTULO | |
| Título | La sonda ; |
| Resto del título | El conde tal ; Cuatro hombres y un cabo / |
| Mención de responsabilidad, etc. | Apeles Mestres. |
| 246 34 - FORMA VARIANTE DEL TITULO | |
| Título propio/Titulo breve | Cuentos vivos |
| 260 ## - PUBLICACIÓN, DISTRIBUCIÓN, ETC. | |
| Lugar de publicación, distribución, etc. | Barcelona : |
| Nombre del editor, distribuidor, etc. | C. Verdaguer, |
| Fecha de publicación, distribución, etc. | 1882. |
| 300 ## - DESCRIPCIÓN FÍSICA | |
| Extensión | 165 h. : |
| Otras características físicas | principalmente il. ; |
| Dimensiones | 20 cm. |
| 490 1# - MENCIÓN DE SERIE | |
| Mención de serie | Biblioteca Verdaguer |
| 530 ## - NOTA DISPONIBLE DE FORMULARIO FÍSICO ADICIONAL | |
| Nota de formato físico adicional disponible | Disponible en formato digital. |
| 597 ## - NOTA DE DESCRIPCIÓN FÍSICA | |
| NOTA DE DESCRIPCIÓN FÍSICA | Las h. impresas por una sola cara. |
| 599 ## - NOTA A LAS ILUSTRACIONES | |
| NOTA A LAS ILUSTRACIONES | Los cuentos, contados principalmente con viñetas : dos en cada p. con una línea de texto. |
| 740 32 - ENTRADA AGREGADA--TÍTULO RELACIONADO/ANALÍTICO NO CONTROLADO | |
| Título relacionado o analítico no controlado | El conde tal. |
| 740 02 - ENTRADA AGREGADA--TÍTULO RELACIONADO/ANALÍTICO NO CONTROLADO | |
| Título relacionado o analítico no controlado | Cuatro hombres y un cabo. |
| 830 0# - PUNTO DE ACCESO ADICIONAL DE SERIE-TÍTULO UNIFORME | |
| Título uniforme | Biblioteca Verdaguer |
| 9 (RLIN) | 188206 |
| 852 ## - LOCALIZACIÓN | |
| Ubicación | ES-MaACL |
| Número de control de estantería | E-13155 |
| Nota libre | - Enc. editorial en tela marrón con estampaciones en negro y dorado: "F. Jorba" |
| -- | . - Legado de M. de la Fuente |
| 856 ## - LOCALIZACIÓN Y ACCESO ELECTRÓNICOS | |
| Identificador Uniforme de Recursos | <a href="https://bvpb.mcu.es/es/consulta/registro.do?id=577733 ">https://bvpb.mcu.es/es/consulta/registro.do?id=577733 </a> |
| Nota pública | Biblioteca Virtual del Patrimonio Bibliográfico |
| Estatus retirado | Estado de pérdida | Estado de daño | No para préstamo | Colección | Biblioteca de origen | Biblioteca actual | Ubicación en estantería | Fecha de adquisición | Total de préstamos | Signatura topográfica completa | Código de barras | Visto por última vez | Precio de reemplazo | Tipo de ítem Koha |
|---|---|---|---|---|---|---|---|---|---|---|---|---|---|---|
| Colección digital | Biblioteca del Ateneo de Madrid | Biblioteca del Ateneo de Madrid | Depósito 2 | 17/01/2008 | E-13155 | 1167007 | 23/02/2023 | 23/02/2023 | Libro impreso antiguo |
